| 000 | 01520nam0a2200373 4500 | ||
|---|---|---|---|
| 001 | RU\NLR\BIBL_A\022788286 | ||
| 005 | 20260622110857.0 | ||
| 010 |
_a978-5-17-177874-3 _93000 |
||
| 035 | _a(NLR Aleph) 022788286 | ||
| 090 |
_a13733989 _c13733989 |
||
| 100 | _a20260417d2026 c y0rusy50 ca | ||
| 101 | 1 |
_arus _cfre |
|
| 102 | _aRU | ||
| 105 | _aa z 000ay | ||
| 181 | 0 |
_ai3 _baxxe |
|
| 181 | 0 |
_ab2 _bbb2e |
|
| 182 | 0 | _an | |
| 200 | 1 |
_aЛучшие приключения кота Шерлока _e[для старшего дошкольного возраста] _fСебастьян Перез, Бенжамен Лакомб _gперевод [с французского] Аси Петровой _g[худож. Б. Лакомб] |
|
| 203 |
_aТекст _aИзображение _bвизуальные _cнепосредственные |
||
| 210 |
_aМосква _cАСТ, Книги Вилли Винки _d2026 (печ. 2025) |
||
| 215 |
_a217, [4] с. _cцв. ил. _d22 |
||
| 225 | 1 | _aСерия "Детективные истории кота Шерлока | |
| 333 | _a0+ | ||
| 686 | 0 | _aШ9(4Фр)60-4П. | |
| 686 | 0 | _aШ9(4Фр)60-4Л. | |
| 700 | 1 |
_aПерез _bС. _f1975- _gСебастьен _3RU\NLR\AUTH\770197933 |
|
| 701 | 1 |
_aЛакомб _bБ. _f1982- _gБенжамен _3RU\NLR\AUTH\77108108 |
|
| 942 | _cBOOK | ||
| 980 | _aNB | ||